04238aam a2201225 450000500170000000800410001702000180005804100080007608200180008410000360010224500930013826000150023126000100024626000090025630000180026549000230028365000330030665000200033965000300035965000330038965000340042265000150045665000110047165000240048265000130050665000130051965000140053265000170054694200120056399900150057595200330059095200330062395200330065695200330068995200290072295200330075195200330078495200330081795200410085095200330089195200330092495200330095795200290099095200330101995200330105295200330108595200330111895200290115195200330118095200330121395200330124695200330127995200330131295200330134595200290137895200330140795200330144095200290147395200330150295200330153595200330156895200330160195200410163495200290167595200330170495200330173795200330177095200330180395200330183695200330186995200410190295200330194395200330197695200290200995200290203895200410206795200330210895200330214195200330217495200290220795200330223695200330226995200330230295200330233595200330236895200330240195200330243495200330246795200330250095200330253395200330256695200330259995200330263295200330266595200290269895200290272795200330275695200330278995200330282295200330285595200290288895200330291795200330295095200290298320260226175938.0150226b2016 xxu||||| |||| 00| 0 eng d a9789968319843 aESP a001.42 B268i2 aBarrantes Echavarría, Rodrigo aInvestigación: un camino al conocimiento, un enfoque cualitativo, cuantitativo y mixto aCosta Rica bEUNED c2016 a412 páginas aTemática General aMÉTODOS DE INVESTIGACIÓN aINVESTIGACIÓN aCONOCIMIENTO CIENTÍFICO aINVESTIGACIÓN CIENTÍFICA aETAPAS DE UNA INVESTIGACIÓN aENTREVISTA aTALLER aTÉCNICAS GRUPALES aSIMPOSIO aJORNADAS aASAMBLEAS aCONFERENCIAS cBK2ddc c3393d3393 o001.42 B268i2p18453xTGyBK o001.42 B268i2p18454xTGyBK o001.42 B268i2p18455xTGyBK o001.42 B268i2p18456xTGyBK o001.42 B268i2p18457yBK o001.42 B268i2p18458xTGyBK o001.42 B268i2p18459xTGyBK o001.42 B268i2p18460xTGyBK o001.42 B268i2p18461q2026-02-12yBK o001.42 B268i2p18462xTGyBK o001.42 B268i2p19382xTGyBK o001.42 B268i2p19383xTGyBK o001.42 B268i2p19585yBK o001.42 B268i2p19586xTGyBK o001.42 B268i2p19587xTGyBK o001.42 B268i2p19588xTGyBK o001.42 B268i2p19589xTGyBK o001.42 B268i2p19590yBK o001.42 B268i2p19591xTGyBK o001.42 B268i2p19592xTGyBK o001.42 B268i2p19593xTGyBK o001.42 B268i2p19594xTGyBK o001.42 B268i2p20174xTGyBK o001.42 B268i2p22683xTGyBK o001.42 B268i2p22684yBK o001.42 B268i2p22685xTGyBK o001.42 B268i2p22686xTGyBK o001.42 B268i2p22687yBK o001.42 B268i2p22688xTGyBK o001.42 B268i2p22689xTGyBK o001.42 B268i2p22690xTGyBK o001.42 B268i2p22691xTGyBK o001.42 B268i2p22692q2024-02-12yBK o001.42 B268i2p22693yBK o001.42 B268i2p22694xTGyBK o001.42 B268i2p22695xTGyBK o001.42 B268i2p22696xTGyBK o001.42 B268i2p22697xTGyBK o001.42 B268i2p22698xTGyBK o001.42 B268i2p22699xTGyBK o001.42 B268i2p22700q2025-06-04yBK o001.42 B268i2p22701xTGyBK o001.42 B268i2p22702xTGyBK o001.42 B268i2p22703yBK o001.42 B268i2p22704yBK o001.42 B268i2p22705q2020-04-30yBK o001.42 B268i2p22706xTGyBK o001.42 B268i2p22707xTGyBK o001.42 B268i2p22708xTGyBK o001.42 B268i2p22709yBK o001.42 B268i2p22710xTGyBK o001.42 B268i2p22711xTGyBK o001.42 B268i2p22712xTGyBK o001.42 B268i2p22713xTGyBK o001.42 B268i2p22714xTGyBK o001.42 B268i2p22715xTGyBK o001.42 B268i2p22716xTGyBK o001.42 B268i2p22717xTGyBK o001.42 B268i2p22718xTGyBK o001.42 B268i2p22719xTGyBK o001.42 B268i2p22720xTGyBK o001.42 B268i2p22681xTGyBK o001.42 B268i2p22682xTGyBK o001.42 B268i2p22848xTGyBK o001.42 B268i2p22849yBK o001.42 B268i2p22932yBK o001.42 B268i2p22933xTGyBK o001.42 B268i2p22934xTGyBK o001.42 B268i2p22935xTGyBK o001.42 B268i2p22936xTGyBK o001.42 B268i2p23400yBK o001.42 B268i2p24823xTGyBK o001.42 B268i2p24824xTGyBK o001.42 B268i2p24825yBK